00848cam a22002655a 45000010006000000050017000060080041000230350013000640100015000770400018000920200015001100350023001250420014001480430012001621000027001742450103002012600038003043000021003424400028003635040041003916510058004326510052004906500019005427000021005612746620230411085954.0060922s2006 ag b 000 0 spa d a14563523 a2006493915 aTEFcTEFdDLC a9501265625 a(OCoLC)ocm70862167 alccopycat acl-----1 aNegri, Antonio,d1933-10aGlobAL :bbiopoder y luchas en una América Latina globalizada /cAntonio Negri y Giuseppe Cocco. aBuenos Aires :bPaidós,cc2006. a244 p. ;c21 cm. 0aEspacios del saber ; 53 aIncludes bibliographical references. 0aLatin AmericaxPolitics and governmenty20th century. 0aLatin AmericaxForeign relationsy20th century. 0aGlobalization.1 aCocco, Giuseppe.